8051 Microcontroller & Embedded Systems / (Record no. 189246)
[ view plain ]
| 000 -LEADER | |
|---|---|
| fixed length control field | 00893 a2200181 4500 |
| 003 - CONTROL NUMBER IDENTIFIER | |
| control field | Nust |
| 005 - DATE AND TIME OF LATEST TRANSACTION | |
| control field | 20220726121245.0 |
| 020 ## - INTERNATIONAL STANDARD BOOK NUMBER | |
| International Standard Book Number | 8189757121 |
| 040 ## - CATALOGING SOURCE | |
| Transcribing agency | Nust |
| 082 ## - DEWEY DECIMAL CLASSIFICATION NUMBER | |
| Classification number | 004.165,VEN |
| 100 ## - MAIN ENTRY--PERSONAL NAME | |
| Personal name | K.Venkatesh,Sampath |
| 9 (RLIN) | 95172 |
| 245 ## - TITLE STATEMENT | |
| Title | 8051 Microcontroller & Embedded Systems / |
| Statement of responsibility, etc. | Sampath K.Venkatesh |
| 260 ## - PUBLICATION, DISTRIBUTION, ETC. | |
| Place of publication, distribution, etc. | S.K Kataria & Sons |
| Name of publisher, distributor, etc. | New Delhi |
| Date of publication, distribution, etc. | 2010 |
| 300 ## - PHYSICAL DESCRIPTION | |
| Extent | xiv,493 p |
| 505 ## - FORMATTED CONTENTS NOTE | |
| Formatted contents note | 8051 Microcontroller (Page-1-36), Introduction to 8051 Assembly Programming (Page 37-49), JUMP, Loop and Call Instructions (Page 50-63), Input Output Port Programming (Page 64-71), Addressing Modes (Page 72-76), Arthimetic Instructions and Programs (Page 77-84), Logic Instructions and Programs (Page 85-91), Single Bit instructions and Programming (Page 92-96), Counter/Time Programming in the 8051 (Page 97-110). |
| 650 ## - SUBJECT ADDED ENTRY--TOPICAL TERM | |
| Topical term or geographic name entry element | 8051 Microcontroller |
| 9 (RLIN) | 95173 |
| 942 ## - ADDED ENTRY ELEMENTS (KOHA) | |
| Source of classification or shelving scheme | |
| Koha item type | Book |
| Call number prefix | 004.165,VEN |
| Withdrawn status | Lost status | Source of classification or shelving scheme | Damaged status | Not for loan | Permanent Location | Current Location | Shelving location | Date acquired | Full call number | Barcode | Date last seen | Price effective from | Koha item type | Public note |
|---|---|---|---|---|---|---|---|---|---|---|---|---|---|---|
| Military College of Signals (MCS) | Military College of Signals (MCS) | General Stacks | 12/12/2016 | 004.165,VEN | MCS35020 | 12/08/2016 | 12/12/2016 | Book | Almirah No.2, Shelf No.2 |
